| 000 | 00540nam a2200205Ia 4500 | ||
|---|---|---|---|
| 005 | 20250508165045.0 | ||
| 008 | 008 250505s9999 xx 000 0 hin d | ||
| 037 | _aTextual | ||
| 040 |
_aFEDL _beng _cFEDL |
||
| 041 |
_ahin _2hin |
||
| 084 |
_a891.431, PAL _qFEDL |
||
| 100 | _aPaliwal Krishna Dutt | ||
| 245 | 0 | _aSumitranandan Pant | |
| 260 |
_aNew Delhi, India _bSahitya Akademi _c1990 |
||
| 300 | _a107p. | ||
| 365 |
_aINR _b15 |
||
| 546 | _aMACESE | ||
| 942 |
_cTEXL _h891.431, PAL |
||
| 999 |
_c1392885 _d1392885 |
||